Hitze, Guido, 1967-. Carl Ulitzka (1873 - 1953) oder Oberschlesien zwischen den Weltkriegen. - Düsseldorf
| Titel: | Hitze, Guido, 1967-. Carl Ulitzka (1873 - 1953) oder Oberschlesien zwischen den Weltkriegen. - Düsseldorf : Droste. - 2002 [Rezension] |
|---|---|
| Verfasser: | |
| In: |
Sehepunkte, Band 3, Heft 5 (2003) alle Artikel anzeigen |
| Veröffentlicht: | 2003 |
| Format: | Aufsatz |
| Sprache: | Deutsch |
X
alg: 39491092 001A $01999:12-11-16 001B $03025:30-03-26 $t15:00:33.000 001D $01999:12-11-16 001U $0utf8 001X $00 002@ $0Oox 003@ $0394910923 007A $0394910923 $aHEB 007T $0Herd47037 009Q $uhttp://www.sehepunkte.historicum.net/2003/05/3002.html $xH 010@ $ager 011@ $a2003 016A $aDg 021A $aHitze, Guido, 1967-. Carl Ulitzka (1873 - 1953) oder Oberschlesien zwischen den Weltkriegen. - Düsseldorf $dDroste. - 2002 [Rezension] 028A $#Kesler, Volfgang $7124485324 $8Kessler, Wolfgang$Z1946- [Tp1] $9155156918 031A $d3 $e5 $j2003 039B $aIn $8--Obvc--. Sehepunkte. - München : Ludwig-Maximilians-Univ., 2001-. - Online-Ressource. - ISSN 1618-6168 $x200300000030005999 $9101754833 039T $8--Aau--Hitze, Guido$Z1967- [Tp3]. Carl Ulitzka (1873 - 1953) oder Oberschlesien zwischen den Weltkriegen. - Düsseldorf : Droste, 2002. - 1439 Seiten. - Illustrationen, Karten. - ISBN 3-7700-1888-5 $9108472159 045F $a200.943850904 $eDDC23BSB 045F/01 $a200.9 045F/03 $f0904 045F/03 $g4385 045G $a909 $eDDC23BSB 045G/01 $a909 045G/03 $f0904 045G/03 $g4385 045T $a9,10 lok: 39491092 78 exp: 39491092 78 1 #EPN 201B/01 $018-11-16 $t13:07:04.000 201U/01 $0utf8 203@/01 $0791209504 208@/01 $a12-11-16 $be 209A/01 $a/ $f000 $x00 220C/01 $aTitelaufnehmer: cs 244Z/01 $2Trx $#Silesia $#Śląsk $#Sliezsko $#Slezsko $8--Trx--Schlesien $x01 $9391173987 244Z/01 $2Trx $#Poola $#Lenkija $#Polija $#Polen Land $#Poland $#Lengyelország $#Poľsko $#Polsko $8--Trx--Polska$gkraj $x02 $9391345966 244Z/01 $2Trx $8--Trx--elektronische Ressource $x03 $939138452X 244Z/01 $2Trx $#arvustused $#recenzijos $#Reviews $#recenziók $#recenzje $#recenzie $#recenze $8--Trx--Rezensionen $x04 $9391357441 247C/01 $82080>Marburg/Lahn, Herder-Institut, Forschungsbibliothek, Bibliographieportal $9336309341
| LEADER | 00000caa a22000002c 4500 | ||
|---|---|---|---|
| 001 | 394910923 | ||
| 003 | DE-603 | ||
| 005 | 20260330150033.0 | ||
| 007 | cr|||||||||||| | ||
| 008 | 161112s2003 xx |||| o| u00||u|ger c | ||
| 035 | |a (DE-599)HEB394910923 | ||
| 040 | |a DE-603 |b ger |c DE-603 |d DE-603 | ||
| 041 | |a ger | ||
| 082 | 0 | 4 | |8 1\u |a 200.943850904 |q DE-101 |2 23/BSB |
| 083 | 0 | |8 2\u |a 909 |q DE-101 |2 23/BSB | |
| 084 | |a 9,10 |2 ssgn | ||
| 085 | |8 1\u |b 200.9 | ||
| 085 | |8 1\u |z 1 |s 0904 | ||
| 085 | |8 1\u |z 2 |s 4385 | ||
| 085 | |8 2\u |b 909 | ||
| 085 | |8 2\u |z 1 |s 0904 | ||
| 085 | |8 2\u |z 2 |s 4385 | ||
| 100 | 1 | |a Kessler, Wolfgang |d 1946- |0 (DE-603)155156918 |0 (DE-588)124485324 |2 gnd | |
| 245 | 0 | 0 | |a Hitze, Guido, 1967-. Carl Ulitzka (1873 - 1953) oder Oberschlesien zwischen den Weltkriegen. - Düsseldorf |b Droste. - 2002 [Rezension] |
| 264 | 0 | |c 2003 | |
| 773 | 0 | 8 | |i In |t Sehepunkte |d München : Ludwig-Maximilians-Univ., 2001- |h Online-Ressource |x 1618-6168 |g Band 3, Heft 5 (2003) |w (DE-603)101754833 |w (DE-600)2062440-2 |
| 787 | 0 | 8 | |i Rezension von |a Hitze, Guido, 1967- |t Carl Ulitzka (1873 - 1953) oder Oberschlesien zwischen den Weltkriegen |d Düsseldorf : Droste, 2002 |h 1439 Seiten, Illustrationen, Karten |z 3770018885 |w (DE-603)108472159 |
| 856 | |u http://www.sehepunkte.historicum.net/2003/05/3002.html |x Verlag | ||
| 924 | 1 | |9 2080 |a (DE-603)791209504 |b DE-2080 |c HES |d d |g / | |


